[Event "SLO-chT"]
[Site "Slovenia"]
[Date "2011.05.29"]
[Round "3"]
[White "Sakelsek, Tadej"]
[Black "Sitnik, Igor"]
[Result "1/2-1/2"]
[WhiteElo "2413"]
[BlackElo "2238"]
[PlyCount "61"]
[EventDate "2011.05.27"]
[EventType "team-tourn"]
[EventRounds "9"]
[EventCountry "SLO"]
[SourceTitle "CBM 142 Extra"]
[Source "ChessBase"]
[SourceDate "2011.06.27"]
[SourceVersion "1"]
[SourceVersionDate "2011.06.27"]
[SourceQuality "1"]
[WhiteTeam "Maribor"]
[BlackTeam "Krsko Triglav"]
[WhiteTeamCountry "SLO"]
[BlackTeamCountry "SLO"]

1. d4 d5 2. c4 e6 3. Nc3 Nf6 4. Nf3 Be7 5. Bg5 h6 6. Bh4 0-0 7. e3 b6 8. Qb3 Bb7 9. Bxf6 Bxf6 10. cxd5 exd5 11. Rd1 c6 12. Bd3 Nd7 13. 0-0 Re8 14. e4 c5 15. Nxd5 cxd4 16. Qb4 Nc5 17. Nxf6+ Qxf6 18. Bb5 Rxe4 19. Rxd4 Rxd4 20. Qxd4 Qxd4 21. Nxd4 Rd8 22. Nc6 Rd2 23. b4 a6 24. bxc5 axb5 25. Ne7+ Kf8 26. c6 Ba6 27. Re1 b4 28. c7 Rc2 29. Nd5 Bb7 30. Nxb4 Rxc7 31. h3 1/2-1/2

[Event "SLO-chT 20th"]
[Site "Gostovanja"]
[Date "2010.05.16"]
[Round "2"]
[White "Simic, Dragan"]
[Black "Sitnik, Igor"]
[Result "1-0"]
[WhiteElo "2061"]
[BlackElo "2267"]
[PlyCount "37"]
[EventDate "2010.05.15"]
[EventType "team-tourn"]
[EventRounds "9"]
[EventCountry "SLO"]
[SourceTitle "EXT 2020"]
[Source "ChessBase"]
[SourceDate "2019.10.17"]
[SourceVersion "1"]
[SourceVersionDate "2019.10.17"]
[SourceQuality "1"]
[WhiteTeam "Maribor Branik"]
[BlackTeam "Krsko Triglav"]
[WhiteTeamCountry "SLO"]
[BlackTeamCountry "SVK"]

1. e4 c6 2. d4 d5 3. Nc3 dxe4 4. Nxe4 Nd7 5. Ng5 Ngf6 6. Bd3 e6 7. N1f3 h6 8. Nxe6 Qe7 9. 0-0 fxe6 10. Bg6+ Kd8 11. c4 Qd6 12. g3 c5 13. Bf4 Qb6 14. Re1 cxd4 15. Nxd4 e5 16. Rxe5 Bd6 17. Re6 Ne8 18. Bxe8 Rxe8 19. Rxd6 1-0

[Event "SLO Cup"]
[Site "Otocec"]
[Date "2009.05.22"]
[Round "1"]
[White "Tomazini, Aljosa"]
[Black "Sitnik, Igor"]
[Result "0-1"]
[WhiteElo "2152"]
[BlackElo "2253"]
[PlyCount "92"]
[EventDate "2009.05.22"]
[EventType "team-tourn"]
[EventRounds "5"]
[EventCountry "SLO"]
[SourceTitle "CBM 130 Extra"]
[Source "ChessBase"]
[SourceDate "2009.07.02"]
[SourceVersion "2"]
[SourceVersionDate "2009.07.15"]
[SourceQuality "1"]

1. e4 Nc6 2. Nc3 g6 3. f4 Bg7 4. Nf3 d6 5. Bb5 a6 6. Bxc6+ bxc6 7. 0-0 Nf6 8. Qe1 0-0 9. d3 c5 10. Qh4 Bb7 11. Ng5 h6 12. Nh3 Nh7 13. Bd2 e6 14. Qg3 d5 15. e5 Qe7 16. Rae1 Rfd8 17. Nf2 Rab8 18. h4 h5 19. Nh3 Bc6 20. Bc1 a5 21. Rf2 a4 22. a3 d4 23. Ne4 Bd5 24. Nhg5 c4 25. Qh3 cxd3 26. cxd3 Rb3 27. Nd2 Rb6 28. g4 hxg4 29. Qxg4 f5 30. exf6 Nxf6 31. Qh3 Nh5 32. Ndf3 Qf6 33. Ne5 Qf5 34. Qxf5 exf5 35. Nef3 Rb3 36. Ne6 Re8 37. Nxc7 Rxe1+ 38. Nxe1 Bf7 39. Na6 Bf8 40. Rc2 Be7 41. Bd2 Bxh4 42. Nf3 Bf6 43. Nb4 Ng7 44. Bc1 Ne6 45. Nd2 Rxb4 46. axb4 Nxf4 0-1

[Event "SLO-chT 19th"]
[Site "Rogaska Slatina"]
[Date "2009.??.??"]
[Round "7"]
[White "Sitnik, Igor"]
[Black "Kavcic, Janez"]
[Result "1/2-1/2"]
[WhiteElo "2253"]
[BlackElo "1971"]
[PlyCount "133"]
[EventDate "2009.12.11"]
[EventType "team-tourn"]
[EventRounds "9"]
[EventCountry "SLO"]
[SourceTitle "CBM 133 Extra"]
[Source "ChessBase"]
[SourceDate "2010.01.05"]
[SourceVersion "1"]
[SourceVersionDate "2010.01.05"]
[SourceQuality "1"]
[WhiteTeam "Krsko Triglav"]
[BlackTeam "Ljubljana Metalka Trgovina"]
[WhiteTeamCountry "SLO"]
[BlackTeamCountry "SLO"]

1. d4 Nf6 2. c4 g6 3. Nc3 d5 4. e3 Bg7 5. b4 0-0 6. Bb2 b6 7. Qb3 c5 8. Nxd5 Nxd5 9. cxd5 cxd4 10. Bxd4 Bxd4 11. exd4 Bb7 12. Nf3 Bxd5 13. Bc4 Bxc4 14. Qxc4 Nd7 15. 0-0 Rc8 16. Qb3 Nf6 17. Rfe1 Nd5 18. Re5 e6 19. h4 Qc7 20. a4 Qc4 21. Qxc4 Rxc4 22. b5 Rfc8 23. Ree1 Nc3 24. Ne5 Rxd4 25. Nc6 Rd7 26. Rac1 Nd5 27. Red1 Kf8 28. g3 Rdc7 29. Ra1 a6 30. Rd3 Ke8 31. Kg2 axb5 32. axb5 Ne7 33. Ne5 f6 34. Ng4 Kf7 35. Rd6 Nd5 36. Re1 Re7 37. Ne3 Nxe3+ 38. Rxe3 Rcc7 39. Rxb6 e5 40. Rb3 Rb7 41. Ra6 f5 42. Kf3 Re6 43. Rxe6 Kxe6 44. b6 Kd6 45. Rb5 Ke6 46. Ke3 h5 47. Kd3 Kd6 48. Kc4 e4 49. Kd4 Kc6 50. Rb2 Rd7+ 51. Ke5 Kb7 52. Kf6 Rd6+ 53. Kg5 Re6 54. Kf4 Re8 55. Rb3 Rc8 56. Kg5 Rc2 57. Kxg6 Rxf2 58. Kxh5 Rf3 59. Rb5 Rxg3 60. Rxf5 Kxb6 61. Re5 e3 62. Kh6 Kc6 63. h5 Kd6 64. Re8 Kd5 65. Kh7 Kd4 66. h6 Kd3 67. Kh8 1/2-1/2

[Event "SLO-chT 19th"]
[Site "Rogaska Slatina"]
[Date "2009.??.??"]
[Round "9"]
[White "Sitnik, Igor"]
[Black "Podkriznik, Gregor"]
[Result "1/2-1/2"]
[WhiteElo "2253"]
[BlackElo "2386"]
[PlyCount "26"]
[EventDate "2009.12.11"]
[EventType "team-tourn"]
[EventRounds "9"]
[EventCountry "SLO"]
[SourceTitle "CBM 133 Extra"]
[Source "ChessBase"]
[SourceDate "2010.01.05"]
[SourceVersion "1"]
[SourceVersionDate "2010.01.05"]
[SourceQuality "1"]
[WhiteTeam "Krsko Triglav"]
[BlackTeam "Ptuj Tehcenter"]
[WhiteTeamCountry "SLO"]
[BlackTeamCountry "SLO"]

1. d4 Nf6 2. c4 e6 3. Nc3 Bb4 4. e3 0-0 5. Nge2 d5 6. a3 Be7 7. Nf4 c6 8. Be2 dxc4 9. Bxc4 Nbd7 10. 0-0 e5 11. Nfe2 exd4 12. exd4 Nb6 13. Bd3 Nbd5 1/2-1/2

[Event "SLO-ch qual"]
[Site "Sentjur"]
[Date "2008.07.12"]
[Round "9"]
[White "Lesjak, Milan"]
[Black "Sitnik, Igor"]
[Result "0-1"]
[WhiteElo "2139"]
[BlackElo "2251"]
[PlyCount "90"]
[EventDate "2008.07.03"]
[EventType "swiss"]
[EventRounds "9"]
[EventCountry "SLO"]
[SourceTitle "EXT 2010"]
[Source "ChessBase"]
[SourceDate "2010.11.25"]
[SourceVersion "1"]
[SourceVersionDate "2010.11.25"]
[SourceQuality "1"]

1. d4 d5 2. Nf3 Nf6 3. c4 e6 4. Nc3 Be7 5. Bg5 h6 6. Bh4 0-0 7. e3 b6 8. Rc1 Bb7 9. Bxf6 Bxf6 10. cxd5 exd5 11. Bd3 c5 12. 0-0 c4 13. Bf5 g6 14. Bh3 Nd7 15. Qa4 Nb8 16. Rfe1 a6 17. g3 b5 18. Qc2 Nc6 19. a3 Bg7 20. Rcd1 b4 21. Na4 Bc8 22. Bg2 Bf5 23. Qd2 Qa5 24. Nc5 c3 25. Qe2 cxb2 26. axb4 Qxb4 27. Nd3 Bxd3 28. Qxd3 a5 29. Nd2 Rfd8 30. Qc2 Ra6 31. Bf1 Rb6 32. Nb1 a4 33. Nc3 a3 34. Na2 Qb3 35. Qxb3 Rxb3 36. Bd3 Nb4 37. Bb1 Nxa2 38. Bxa2 Rc3 39. Kf1 Rdc8 40. Ke2 Rc2+ 41. Kf3 Rc1 42. g4 Rxd1 43. Rxd1 Rc1 44. Ke2 Ra1 45. Bb1 Rxb1 0-1

[Event "Velika Gorica op 7th"]
[Site "Velika Gorica"]
[Date "2007.08.21"]
[Round "5"]
[White "Sitnik, Igor"]
[Black "Saric, Ibro"]
[Result "1/2-1/2"]
[WhiteElo "2226"]
[BlackElo "2526"]
[PlyCount "110"]
[EventDate "2007.08.18"]
[EventType "swiss"]
[EventRounds "9"]
[EventCountry "CRO"]
[SourceTitle "CBM 120 Extra"]
[Source "ChessBase"]
[SourceDate "2007.11.01"]
[SourceVersion "1"]
[SourceVersionDate "2007.11.01"]
[SourceQuality "1"]

1. d4 Nf6 2. c4 e6 3. Nc3 Bb4 4. e3 b6 5. Nge2 Bb7 6. a3 Bd6 7. Ng3 h5 8. f3 h4 9. Nge4 Nxe4 10. Nxe4 Be7 11. Bd3 d5 12. Nf2 c5 13. dxc5 bxc5 14. 0-0 0-0 15. e4 dxc4 16. Bxc4 Nc6 17. Be3 Qc7 18. Rc1 Bd6 19. Ng4 Ne5 20. f4 Nxg4 21. Qxg4 Bxe4 22. Qxh4 Be7 23. Qf2 Qb7 24. Rfd1 Rfd8 25. Rxd8+ Rxd8 26. Bf1 Bf6 27. Rxc5 Qb3 28. h3 Rd1 29. Rc1 Rxc1 30. Bxc1 a5 31. Qd2 Qb6+ 32. Kh2 a4 33. Bd3 Bb7 34. Qe2 g6 35. Be4 Bd5 36. Bxd5 exd5 37. Qe8+ Kg7 38. Qxa4 Qf2 39. Qd1 d4 40. Qd3 Kh7 41. a4 Bh4 42. Bd2 Bg3+ 43. Kh1 Bxf4 44. Bxf4 Qxf4 45. a5 Qc1+ 46. Kh2 Qxb2 47. a6 Qb6 48. Qf3 Kg7 49. Qb7 Qd6+ 50. g3 Qa3 51. a7 Qa2+ 52. Kg1 Qa1+ 53. Kg2 Qa2+ 54. Kg1 Qa1+ 55. Kf2 Qa2+ 1/2-1/2

[Event "SLO-ch qual"]
[Site "Ljubljana"]
[Date "2007.07.07"]
[Round "3"]
[White "Jelen, Igor"]
[Black "Sitnik, Igor"]
[Result "0-1"]
[WhiteElo "2371"]
[BlackElo "2226"]
[PlyCount "80"]
[EventDate "2007.07.05"]
[EventType "swiss"]
[EventRounds "9"]
[EventCountry "SLO"]
[SourceTitle "EXT 2010"]
[Source "ChessBase"]
[SourceDate "2010.11.25"]
[SourceVersion "1"]
[SourceVersionDate "2010.11.25"]
[SourceQuality "1"]

1. d4 d5 2. c4 e6 3. Nc3 Be7 4. cxd5 exd5 5. Bf4 Nf6 6. e3 0-0 7. Bd3 c6 8. Qc2 Nbd7 9. Nf3 Re8 10. 0-0 Nf8 11. h3 Ng6 12. Bh2 Bd6 13. Bxd6 Qxd6 14. Rab1 Bd7 15. b4 Rac8 16. Rfc1 Rc7 17. b5 c5 18. Qa4 cxd4 19. Nxd4 Rec8 20. Nce2 Ne5 21. Bf5 b6 22. Rxc7 Rxc7 23. Rc1 a5 24. Rxc7 Qxc7 25. Qa3 Bxf5 26. Nxf5 Nc4 27. Qd3 Qc5 28. Nc3 g6 29. Nd4 Ne5 30. Qc2 Ne4 31. Nxe4 Qxc2 32. Nxc2 dxe4 33. Kf1 Kf8 34. Ke2 Ke7 35. Kd2 Kd6 36. Kc3 Kc5 37. a4 Kd5 38. Nd4 Nd3 39. f4 Nc5 40. Nc6 Nxa4+ 0-1

[Event "SLO-ch qual"]
[Site "Ljubljana"]
[Date "2007.07.07"]
[Round "4"]
[White "Sitnik, Igor"]
[Black "Srebrnic, Marko"]
[Result "0-1"]
[WhiteElo "2226"]
[BlackElo "2298"]
[PlyCount "170"]
[EventDate "2007.07.05"]
[EventType "swiss"]
[EventRounds "9"]
[EventCountry "SLO"]
[SourceTitle "EXT 2010"]
[Source "ChessBase"]
[SourceDate "2010.11.25"]
[SourceVersion "1"]
[SourceVersionDate "2010.11.25"]
[SourceQuality "1"]

1. d4 d6 2. Nf3 Bg4 3. c4 Nd7 4. Qb3 Rb8 5. h3 Bxf3 6. Qxf3 g6 7. Qa3 a6 8. e3 Bg7 9. Be2 c5 10. d5 Ngf6 11. 0-0 0-0 12. Nc3 Ne8 13. Qb3 Qa5 14. a4 Bxc3 15. bxc3 f5 16. Bd2 Nef6 17. Rfb1 Qc7 18. Ra2 b6 19. Qc2 Ne4 20. Be1 Nef6 21. f3 Ne5 22. Rab2 Kg7 23. Bg3 Ned7 24. Bh2 Ne8 25. Bd3 Nef6 26. e4 fxe4 27. Bxe4 Ne5 28. Qe2 Nh5 29. g3 Qd7 30. f4 Nf7 31. Bg2 Qxa4 32. Ra2 Qd7 33. Rxa6 Qb7 34. Ra2 Nf6 35. Rab2 h6 36. g4 g5 37. fxg5 hxg5 38. Bg3 Rh8 39. Qd3 Qd7 40. Re2 Rb7 41. Rbe1 b5 42. cxb5 Qxb5 43. Qxb5 Rxb5 44. Rxe7 Rb6 45. R7e6 Rh6 46. Rf1 Ng8 47. Re8 Rb3 48. Be1 Ne5 49. Bd2 Nf7 50. Ra8 Rb2 51. Bc1 Rb1 52. Ra7 Rf6 53. Bxg5 Rfxf1+ 54. Bxf1 Kg6 55. Bf4 Nf6 56. c4 Ng5 57. Bxg5 Kxg5 58. Ra2 Ne4 59. Kg2 Rb3 60. Ra8 Rb2+ 61. Kg1 Kf4 62. Bg2 Nd2 63. Ra3 Rb1+ 64. Kh2 Rb2 65. Kg1 Rb1+ 66. Kf2 Rb2 67. Ke1 Nxc4 68. Rf3+ Ke5 69. Rf5+ Kd4 70. Rf4+ Ke3 71. Rf3+ Kd4 72. Rf2 Rb1+ 73. Ke2 Rb2+ 74. Kf3 Ne5+ 75. Kg3 Rxf2 76. Kxf2 Nd3+ 77. Ke2 Nf4+ 78. Kf3 Nd3 79. Ke2 c4 80. Kd2 c3+ 81. Kd1 c2+ 82. Kxc2 Ne1+ 83. Kd2 Nxg2 84. g5 Nh4 85. Ke2 Ke4 0-1

[Event "SLO-ch qual"]
[Site "Ljubljana"]
[Date "2007.07.05"]
[Round "1"]
[White "Sitnik, Igor"]
[Black "Kolaric, Spela"]
[Result "1-0"]
[WhiteElo "2226"]
[BlackElo "1827"]
[PlyCount "131"]
[EventDate "2007.07.05"]
[EventType "swiss"]
[EventRounds "9"]
[EventCountry "SLO"]
[SourceTitle "EXT 2010"]
[Source "ChessBase"]
[SourceDate "2010.11.25"]
[SourceVersion "1"]
[SourceVersionDate "2010.11.25"]
[SourceQuality "1"]

1. d4 d5 2. c4 e6 3. Nc3 Nf6 4. cxd5 exd5 5. Bg5 Nbd7 6. e3 c6 7. Bd3 Be7 8. Qc2 0-0 9. Nf3 Re8 10. 0-0 Nf8 11. Rab1 a5 12. a3 Ng6 13. Nh4 Nxh4 14. Bxh4 Ne4 15. Bxe7 Qxe7 16. Rfc1 h6 17. b4 axb4 18. axb4 Nxc3 19. Qxc3 Bd7 20. b5 Ra3 21. Qc2 Rea8 22. bxc6 bxc6 23. g3 Ra2 24. Qb3 g6 25. Rb2 Ra1 26. Rbc2 Kg7 27. Qc3 Qa3 28. Qxa3 R1xa3 29. Be2 Kf6 30. Kg2 Ke7 31. Bf3 R3a4 32. Rb2 R8a7 33. h4 h5 34. Rcb1 Kd6 35. Rb6 R4a6 36. Rxa6 Rxa6 37. Rb2 Ra4 38. Be2 Kc7 39. f3 f5 40. Kf2 Be6 41. Bd1 Ra1 42. Ke2 Bc8 43. Kd2 Be6 44. Ke2 Bc8 45. Rd2 Ra3 46. Kf2 Be6 47. Be2 Ra1 48. Bf1 Ra3 49. Bg2 Ra4 50. e4 Ra5 51. Ke3 dxe4 52. fxe4 fxe4 53. Bxe4 Bf5 54. Bf3 Kd6 55. Kf4 Rb5 56. Rd1 Ra5 57. Rc1 c5 58. dxc5+ Rxc5 59. Rxc5 Kxc5 60. Bxh5 Bc2 61. Bf3 Kd4 62. Bc6 Kc5 63. Be4 Bd1 64. Ke5 Bh5 65. Kf6 Kd4 66. Bxg6 1-0

[Event "SLO-chT"]
[Site "Murska Sobota"]
[Date "2006.11.30"]
[Round "6"]
[White "Sitnik, Igor"]
[Black "Soln, Primoz"]
[Result "0-1"]
[WhiteElo "2213"]
[BlackElo "2375"]
[PlyCount "96"]
[EventDate "2006.11.25"]
[EventType "team"]
[EventRounds "9"]
[EventCountry "SLO"]
[SourceTitle "EXT 2008"]
[Source "ChessBase"]
[SourceDate "2007.11.25"]
[SourceVersion "1"]
[SourceVersionDate "2007.11.25"]
[SourceQuality "1"]

1. d4 d5 2. c4 c6 3. Nf3 e6 4. e3 Nd7 5. Nbd2 f5 6. Bd3 Qf6 7. 0-0 Bd6 8. b3 Nh6 9. Bb2 Ng4 10. h3 h5 11. Re1 Qh6 12. cxd5 cxd5 13. Bb5 g5 14. Rc1 a6 15. Bxd7+ Bxd7 16. Ne5 Nxe5 17. dxe5 Be7 18. Rc7 Rd8 19. Rxb7 g4 20. h4 Bxh4 21. Ba3 Bg5 22. Nf1 h4 23. f4 Be7 24. Bxe7 Kxe7 25. Qd2 g3 26. Rc1 Rh7 27. Rcc7 Ke8 28. b4 Rg7 29. a4 h3 30. b5 axb5 31. axb5 d4 32. exd4 hxg2 33. Kxg2 Rh7 34. Kxg3 Rg7+ 35. Kf2 Qh4+ 36. Ke2 Rg2+ 37. Kd3 Rxd2+ 38. Nxd2 Qxf4 39. Nb3 Bxb5+ 40. Kc3 Qe3+ 41. Kb4 Bd7 42. Kc4 Rc8 43. Nc5 Rxc7 44. Rxc7 Qc1+ 45. Kb3 Qb1+ 46. Kc3 Qa1+ 47. Kb3 Qxd4 48. Nxd7 Kd8 0-1

[Event "Velika Gorica op 6th"]
[Site "Velika Gorica"]
[Date "2006.08.21"]
[Round "4"]
[White "Vrsek, Ivan"]
[Black "Sitnik, Igor"]
[Result "0-1"]
[WhiteElo "2094"]
[BlackElo "2241"]
[PlyCount "38"]
[EventDate "2006.08.19"]
[EventType "swiss"]
[EventRounds "9"]
[EventCountry "CRO"]
[SourceTitle "CBM 113 Extra"]
[Source "ChessBase"]
[SourceDate "2006.09.14"]
[SourceVersion "1"]
[SourceVersionDate "2006.09.14"]
[SourceQuality "1"]

1. d4 d5 2. c4 e6 3. Nc3 Be7 4. cxd5 exd5 5. Bf4 Nf6 6. e3 0-0 7. Bd3 c6 8. Qc2 Nbd7 9. Nf3 Re8 10. h3 Nf8 11. 0-0 Ng6 12. Bh2 Bd6 13. Bxd6 Qxd6 14. Rab1 Bd7 15. b4 Rac8 16. Na4 b6 17. Rfc1 Ne4 18. Qb3 Qf6 19. Be2 Bxh3 0-1

[Event "SLO-chT 16th"]
[Site "Ljubljana"]
[Date "2006.07.09"]
[Round "9"]
[White "Sitnik, Igor"]
[Black "Gruskovnjak, Tomislav"]
[Result "1/2-1/2"]
[WhiteElo "2241"]
[BlackElo "2349"]
[PlyCount "92"]
[EventDate "2006.07.03"]
[EventType "team"]
[EventRounds "9"]
[EventCountry "SLO"]
[SourceTitle "EXT 2008"]
[Source "ChessBase"]
[SourceDate "2007.11.25"]
[SourceVersion "1"]
[SourceVersionDate "2007.11.25"]
[SourceQuality "1"]

1. d4 Nf6 2. c4 e6 3. Nc3 Bb4 4. e3 0-0 5. Nge2 d5 6. a3 Be7 7. Nf4 Re8 8. cxd5 exd5 9. Be2 c6 10. 0-0 Bd6 11. Nd3 Ne4 12. f4 Nd7 13. Nxe4 dxe4 14. Ne5 Nb6 15. Qc2 f6 16. Nc4 Bc7 17. Nxb6 Bxb6 18. Bd2 Be6 19. b4 Bd5 20. a4 a6 21. b5 axb5 22. axb5 Qd7 23. bxc6 bxc6 24. Bb4 Qb7 25. Qc3 Rxa1 26. Rxa1 Ra8 27. Rc1 Rb8 28. Bd6 Bc7 29. Bxc7 Qxc7 30. Bc4 Qb6 31. Bxd5+ cxd5 32. f5 g6 33. Qc5 Qxc5 34. Rxc5 Rb3 35. fxg6 hxg6 36. Kf2 Rb2+ 37. Kg3 Re2 38. Rxd5 Rxe3+ 39. Kf4 Re2 40. g4 Rxh2 41. Kxe4 Re2+ 42. Kf3 Re7 43. Ra5 Kf7 44. Kf4 Re1 45. Ra7+ Ke6 46. Ra6+ Kf7 1/2-1/2

[Event "SLO-chT 16th"]
[Site "Ljubljana"]
[Date "2006.07.03"]
[Round "1"]
[White "Sitnik, Igor"]
[Black "Kavcic, Janez"]
[Result "1-0"]
[WhiteElo "2241"]
[BlackElo "1904"]
[PlyCount "83"]
[EventDate "2006.07.03"]
[EventType "team"]
[EventRounds "9"]
[EventCountry "SLO"]
[SourceTitle "EXT 2008"]
[Source "ChessBase"]
[SourceDate "2007.11.25"]
[SourceVersion "1"]
[SourceVersionDate "2007.11.25"]
[SourceQuality "1"]

1. d4 Nf6 2. c4 e6 3. Nc3 d5 4. cxd5 exd5 5. Bg5 Be7 6. e3 0-0 7. Bd3 h6 8. Bf4 c5 9. dxc5 Bxc5 10. Nge2 Nc6 11. 0-0 a6 12. Rc1 Bb6 13. Na4 Bc7 14. Bxc7 Qxc7 15. Nd4 Qd6 16. Nxc6 bxc6 17. Nc5 Ng4 18. g3 Ne5 19. Be2 Bh3 20. Re1 Qf6 21. f4 Ng6 22. Qd4 Qd8 23. b4 Bc8 24. a4 a5 25. b5 cxb5 26. axb5 Ne7 27. Bf3 Rb8 28. Rb1 Qb6 29. Na4 Qxd4 30. exd4 Nf5 31. Bxd5 Nxd4 32. b6 Bd7 33. Nc5 Bc6 34. Bxc6 Nxc6 35. Nd7 Rfd8 36. Nxb8 Rxb8 37. b7 Kf8 38. Rec1 Na7 39. Rc7 g6 40. Rd1 Kg7 41. Rdd7 Nb5 42. Rc8 1-0

[Event "SLO-chT 15th"]
[Site "Bled"]
[Date "2005.11.29"]
[Round "5"]
[White "Sitnik, Igor"]
[Black "Zorko, Jure"]
[Result "1/2-1/2"]
[WhiteElo "2258"]
[BlackElo "2339"]
[PlyCount "42"]
[EventDate "2005.11.26"]
[EventType "team-tourn"]
[EventRounds "9"]
[EventCountry "SLO"]
[SourceTitle "CBM 109 Extra"]
[Source "ChessBase"]
[SourceDate "2006.01.03"]
[SourceVersion "2"]
[SourceVersionDate "2006.01.03"]
[SourceQuality "1"]
[WhiteTeam "Krsko Triglav"]
[BlackTeam "Ljubljana Metalka Trgovina"]
[WhiteTeamCountry "SLO"]
[BlackTeamCountry "SLO"]

1. d4 Nf6 2. c4 e6 3. Nc3 Bb4 4. e3 0-0 5. Nge2 d5 6. a3 Be7 7. cxd5 exd5 8. b4 c6 9. Ng3 Re8 10. Bd3 Nbd7 11. 0-0 Nb6 12. b5 c5 13. dxc5 Bxc5 14. Na4 Nxa4 15. Qxa4 d4 16. Qc2 dxe3 17. Bxh7+ Nxh7 18. Qxc5 b6 19. Qc2 Qd5 20. fxe3 Qxb5 21. Bb2 Be6 1/2-1/2

[Event "SLO-chT 15th"]
[Site "Bled"]
[Date "2005.11.27"]
[Round "2"]
[White "Sitnik, Igor"]
[Black "Roskar, Robert"]
[Result "0-1"]
[WhiteElo "2258"]
[BlackElo "2278"]
[PlyCount "156"]
[EventDate "2005.11.26"]
[EventType "team-tourn"]
[EventRounds "9"]
[EventCountry "SLO"]
[SourceTitle "CBM 109 Extra"]
[Source "ChessBase"]
[SourceDate "2006.01.03"]
[SourceVersion "2"]
[SourceVersionDate "2006.01.03"]
[SourceQuality "1"]
[WhiteTeam "Krsko Triglav"]
[BlackTeam "Ptuj Veplas Velenje"]
[WhiteTeamCountry "SLO"]
[BlackTeamCountry "SLO"]

1. d4 Nf6 2. c4 e6 3. Nc3 Bb4 4. e3 0-0 5. Nge2 d5 6. a3 Be7 7. cxd5 exd5 8. b4 c6 9. Ng3 Re8 10. Bd3 a6 11. 0-0 Nbd7 12. Nf5 Bf8 13. Qf3 g6 14. Ng3 Bg7 15. h3 Nf8 16. a4 Ne6 17. a5 Ng5 18. Qd1 Nge4 19. Ngxe4 dxe4 20. Bc4 Be6 21. Qb3 Bf8 22. Bd2 Bd6 23. Rfd1 Bc7 24. Bxe6 Rxe6 25. Be1 Qd6 26. g3 Rd8 27. Ra2 Nd5 28. Nxd5 Qxd5 29. Qxd5 Rxd5 30. Rc2 Bd6 31. Kf1 Rf6 32. Kg2 Rff5 33. Bd2 Rb5 34. Rc4 Rbd5 35. Be1 Rf3 36. Rb1 h5 37. h4 Rff5 38. Bd2 Kf8 39. Rf1 Rf3 40. Rb1 Ke7 41. Rc2 Kd7 42. Rcc1 Rdf5 43. Rf1 Be7 44. Rbc1 Ke6 45. Rc2 Bd6 46. Rcc1 Rb5 47. Rc4 Be7 48. Rfc1 Rd5 49. Be1 Bd6 50. Bd2 Kf5 51. R4c2 Kg4 52. Be1 f6 53. Rb1 g5 54. b5 cxb5 55. Rc8 gxh4 56. Re8 h3+ 57. Kh2 Kf5 58. Kxh3 b4 59. Rd8 Ke6 60. Re8+ Kf7 61. Rh8 Rb5 62. Kg2 Rff5 63. Rh7+ Kg6 64. Rd7 Bf8 65. Rb2 Rfd5 66. Rxd5 Rxd5 67. Ra2 Rb5 68. f3 f5 69. f4 Bd6 70. Kf2 Bc7 71. Ke2 Bxa5 72. Rb2 Kf6 73. Kd1 Ke6 74. Kc1 Kd5 75. Rh2 Kc4 76. Rxh5 b3 77. Bxa5 Rxa5 78. g4 Kc3 0-1